000 00995nam a2200229Ia 4500
001 230.08-VAR fr cr (3798)
003 IT-MiSPE
008 171229s9999||||xx |||||||||||||| ||und||
040 _aIT-MiSPE
_cIT-MiSPE
041 _aITALIANO
100 _aFrançois Varillon
240 _aElements de doctrine chrétienne
245 0 _aIl cristianesimo
250 _a1a ed. (v)
260 _aS.l.
_bEd. Paoline
_c1964
300 _a551 p.
_c20 cm
501 _aEdizioni San Paolo srl - Piazza Soncino, 5 - 20092 CINISELLO BALSAMO (MI) (non commercial uses only) ® Copyright 2018
700 _aEnzo Demarchi
_g(traduzione)
942 _cBK
957 _71
999 _a8659
_bNO
_g Copie: 1
_c339780
_d339780